Faktory úspechu a chyby v riadení dodávateľských reťazcov

Faktory, ktoré ovplyvňujú úspešnosť fungovania dodávateľských reťazcov ako predpokladu pre zvyšovanie podnikovej konkurencieschopnosti, pričom sa v tejto súvislosti zdôrazňujú aspekty ako integrácia, flexibilita a kooperácia. Na druhej strane vznikajú chyby a nedostatky v riadení dodávateľských reťa...

Full description

Saved in:
Bibliographic Details
Main Author: Lazový, Pavol
Format: Book Chapter
Language:Slovak
Subjects:
Tags: Add Tag
No Tags, Be the first to tag this record!

MARC

LEADER 00000naa$a2200000$$$4500
001 0099157
005 20240502083245.1
041 0 |a slo 
044 |a CZ 
245 1 0 |a Faktory úspechu a chyby v riadení dodávateľských reťazcov  |c Pavol Lazový 
520 |a Faktory, ktoré ovplyvňujú úspešnosť fungovania dodávateľských reťazcov ako predpokladu pre zvyšovanie podnikovej konkurencieschopnosti, pričom sa v tejto súvislosti zdôrazňujú aspekty ako integrácia, flexibilita a kooperácia. Na druhej strane vznikajú chyby a nedostatky v riadení dodávateľských reťazcov, ktoré pramenia najmä v uzavretosti, nedostatočnej zodpovednosti, nepružnosti a zlej komunikácii medzi partnermi. 
610 2 0 |a reťazce dodávateľsko-odberateľské 
610 2 0 |a reťazce distribučné 
610 2 0 |a riadenie reťazcov dodávateľských 
100 1 |a Lazový, Pavol